| 000 | 01110caa a2200253 ib4500 | ||
|---|---|---|---|
| 003 | SA-RiAUC | ||
| 005 | 20250427081719.0 | ||
| 008 | 250424s2005 su g i000f0 ara | ||
| 040 |
_aSA-JeALM _bara _cSA-RiAUC _erda |
||
| 082 | 0 | 4 | _a330.121 |
| 090 |
_a330.121 _b ن م ر |
||
| 100 | _aالنمري, خلف سليمان. | ||
| 245 | 0 | 2 |
_aإسهامات رابطة العالم الإسلامي في بناء إقتصاد إسلامي بين الدول الإسلامية/ _cخلف سليمان النمري. |
| 264 |
_aمكة المكرمة : _bجامعة أم القرى. _c2005 |
||
| 300 | _aصفحة | ||
| 336 |
_aنص _btxt _2rdacontent _3مقالة |
||
| 337 |
_aبدون وسيط _bn _2rdamedia |
||
| 338 |
_aمجلد _bnc _2rdacarrier |
||
| 580 | _aفي : بحوث الاقتصاد الإسلامي. | ||
| 650 | 7 |
_aالاقتصاد الإسلامي _vمؤتمرات _2aucsh |
|
| 711 |
_aaالمؤتمر العالمي الثالث للاقتصاد الإسلامي _cمكة المكرمة، السعودية _d2005 |
||
| 942 |
_2ddc _cBOOK _n0 |
||
| 949 |
_aSA-JeALM _d250424 _umohamedma123 _n1 |
||
| 999 |
_c7385 _d7385 |
||